000
00255cam a22000977a 4500
008
180718b1947 xxu||||| |||| 00| 0 eng d
082
_a
A42x54 A/IN
245
_a
Indian independence act
260
_a
Delhi
_b
The Manager of Publications
_c
1947
300
_a
15p.
999
_c
487436
_d
487436